[Event "EICC 2019"]
[Site "Skopia"]
[Date "2019.03.19"]
[Round "2.16"]
[White "Mirzoev, Emil"]
[Black "Anton Guijarro, David"]
[Result "1/2-1/2"]
[WhiteElo "2511"]
[BlackElo "2643"]
[Annotator "TA"]
[PlyCount "93"]
[EventDate "2019.03.18"]
[EventType "swiss"]
[EventCountry "MKD"]
[SourceTitle "playchess.com"]
[Source "ChessBase"]
[SourceQuality "1"]

{[%evp 9,93,-9,0,-9,-8,-5,26,31,19,0,0,0,0,0,18,0,0,-29,-31,-38,-33,-32,-35,-31,-25,-13,0,0,0,0,0,0,0,8,20,0,0,0,0,0,0,0,0,0,0,0,0,-31,-37,-35,-46,-35,-33,-58,-24,-24,-22,-17,-22,-64,-58,-64,-50,-64,-29,-47,-8,-8,-8,-8,-8,-8,-8,-14,-20,-142,0,-47,-8,-8,0,0,0,0,0,0]} 1. d4 Nf6 2. Bg5 d5 3. e3 c5 4. Bxf6 gxf6 5. Nc3 e6 (5... Nc6 6. Qh5 e6 7. dxc5 Bxc5 8. Bd3 f5 9. Nge2 Qf6 10. O-O-O Bd7 11. Nf4 O-O-O 12. Kb1 d4 13. exd4 Bxd4 14. Nb5 Bxb2 15. Qxf7 {½-½ (55) Vitiugov,N (2725)-Bacrot,E (2697) Berlin 2015}) 6. Qh5 {D01: Veresov Opening} cxd4 7. exd4 Bb4 8. Bd3 {White has an edge.} Nc6 9. Nge2 Bd7 10. O-O f5 11. a3 $146 ({Predecessor:} 11. Nd1 Bd6 12. c3 f4 13. Qh6 {0-1 (64) Mandiza,F (2385)-Paragua,M (2495) Philadelphia 2014}) 11... Be7 12. b4 Bf6 13. Rae1 Kf8 14. Nb5 Be8 15. Qh6+ Bg7 16. Qf4 $1 Ne7 17. Nd6 Qb6 18. Nxe8 Rxe8 19. c4 dxc4 20. Bxc4 Rd8 21. Rd1 Qd6 22. Qf3 (22. d5 {is interesting.} Qxf4 23. Nxf4 Bh6 24. Ne2 exd5 25. Rd3) 22... Qc6 23. Qxc6 bxc6 24. Rd3 Bf6 25. Rc1 Rd6 26. Bb3 Kg7 27. Rg3+ Ng6 28. Ba4 Bxd4 29. Nxd4 Rxd4 30. Bxc6 Rhd8 31. Kf1 Kf6 32. Rgc3 Nf4 {[#] ( -> ...Rd1+)} 33. Bf3 Rd2 34. g3 Nd3 35. R1c2 Nxf2 $1 36. Rxd2 Rxd2 $15 {[%mdl 4096] Endgame KRB-KRN} 37. Rc7 $1 Ne4 38. Bxe4 fxe4 39. Rxa7 Rxh2 $11 {KR-KR} 40. a4 Rb2 41. Rb7 Ra2 42. a5 {[#]} (42. Ra7 $1 $11 {was the only way to keep the balance.}) 42... Ra4 (42... Kg6 $1 $17 43. Ke1 f5) 43. Rb5 e5 (43... h5 $5) 44. g4 {The position is equal.} Kg5 45. Rxe5+ {[%mdl 64] Double Attack} Kf4 46. Rf5+ Kxg4 47. Rxf7 {Accuracy: White = 56%, Black = 69%.} 1/2-1/2

[Event "EICC 2019"]
[Site "Skopia"]
[Date "2019.03.19"]
[Round "2.17"]
[White "Demuth, Adrien"]
[Black "Alekseev, Evgeny"]
[Result "1/2-1/2"]
[WhiteElo "2510"]
[BlackElo "2640"]
[Annotator "TA"]
[PlyCount "42"]
[EventDate "2019.03.18"]
[EventType "swiss"]
[EventCountry "MKD"]
[SourceTitle "playchess.com"]
[Source "ChessBase"]
[SourceQuality "1"]

{[%evp 16,42,24,24,25,12,18,25,24,14,27,27,27,5,18,8,10,0,11,12,14,0,4,0,0,0,0,0,0]} 1. d4 Nf6 2. c4 e6 3. Nf3 b6 4. a3 Ba6 5. Qc2 Bb7 6. Nc3 c5 7. dxc5 bxc5 8. Bg5 Be7 9. e3 d6 {E12: Queen's Indian: Unusual White 4th moves, 4 a3, 4 Nc3 Bb7 5 a3 and 4 Nc3 Bb7} 10. h3 $146 ({Predecessor:} 10. Be2 Nbd7 11. O-O O-O 12. Rfd1 a6 13. Nd2 Qc7 14. Bf3 Rab8 15. Bf4 Bxf3 16. Nxf3 Nh5 17. Rd2 Nxf4 18. exf4 {0-1 (31) Anastasian,A (2552)-Van Wely,L (2674) Dresden 2007}) 10... Nbd7 {[%cal Bb8d7,Bd7f8,Bf8g6][%mdl 32]} 11. Be2 a6 {White has an edge.} 12. O-O Qc7 13. Rfd1 O-O 14. Bf4 Rfd8 {The position is equal.} 15. Rd2 Nf8 16. Rad1 Rd7 17. Ne1 Ng6 18. Bg3 Rad8 19. Bf3 Bxf3 20. Nxf3 Qc6 21. e4 h6 {Accuracy: White = 48%, Black = 67%.} 1/2-1/2

[Event "EICC 2019"]
[Site "Skopia"]
[Date "2019.03.19"]
[Round "2.18"]
[White "Keymer, Vincent"]
[Black "Lysyj, Igor"]
[Result "1/2-1/2"]
[WhiteElo "2509"]
[BlackElo "2635"]
[Annotator "TA"]
[PlyCount "57"]
[EventDate "2019.03.18"]
[EventType "swiss"]
[EventCountry "MKD"]
[SourceTitle "playchess.com"]
[Source "ChessBase"]
[SourceQuality "1"]

{[%evp 9,57,21,18,0,0,0,14,0,11,1,0,10,8,11,15,21,33,32,32,23,27,27,27,20,29,29,60,19,26,13,13,13,14,11,21,13,13,0,37,20,60,62,68,61,63,24,33,0,0,0]} 1. d4 Nf6 2. c4 e6 3. Nf3 d5 4. Nc3 dxc4 5. e4 Bb4 6. Bxc4 {D24: Queen's Gambit Accepted: 3 Nf3 Nf6 4 Nc3} Nxe4 7. O-O Nxc3 (7... Nf6 8. Qa4+ Nc6 9. Ne5 Rb8 10. Rd1 O-O 11. Nxc6 bxc6 12. Qxa7 Bd7 13. Qa4 c5 {1-0 (71) Carlsen,M (2835)-Duda,J (2738) Wijk aan Zee 2019}) 8. bxc3 Be7 9. Ne5 O-O 10. Qg4 Nc6 11. Re1 f5 12. Qf3 $36 {[%mdl 2048] White fights for an advantage.} Nxe5 13. Rxe5 {[#]} Kh8 $146 ({Predecessor:} 13... Bd6) 14. Re1 {[%mdl 1024] White has compensation.} Bd6 15. Bf4 Qe7 16. Rab1 a6 17. Be5 c6 18. Qf4 Bxe5 19. Qxe5 b5 20. Bxe6 Bxe6 21. Qxe6 Qa3 22. Qxc6 Rac8 23. Qe6 h6 24. Rec1 Rc4 25. Rc2 f4 26. Rb3 Qa5 27. Qe7 Rfc8 28. Qd6 Rd8 29. Qe7 {Accuracy: White = 52%, Black = 65%.} 1/2-1/2

[Event "EICC 2019"]
[Site "Skopia"]
[Date "2019.03.19"]
[Round "2.19"]
[White "Volokitin, Andrei"]
[Black "Baron, Tal"]
[Result "0-1"]
[WhiteElo "2635"]
[BlackElo "2506"]
[Annotator "TA"]
[PlyCount "88"]
[EventDate "2019.03.18"]
[EventType "swiss"]
[EventCountry "MKD"]
[SourceTitle "playchess.com"]
[Source "ChessBase"]
[SourceQuality "1"]

{[%evp 27,88,26,26,26,26,26,26,25,28,32,22,29,19,26,22,3,35,41,38,37,29,29,30,14,14,8,42,40,42,38,77,75,98,14,15,14,14,14,14,14,14,14,16,14,14,0,0,-836,-831,-802,-802,-783,-781,-759,-739,-5093,-5093,-5072,-5072,-5072,-37,-5072,-5072]} 1. e4 e5 2. Nf3 Nc6 3. Bb5 a6 4. Ba4 d6 5. O-O Bd7 6. d4 b5 7. Bb3 Nxd4 8. Nxd4 exd4 9. c3 dxc3 10. Qh5 g6 {C72: Ruy Lopez: Deferred Steinitz: 5 0-0} 11. Qd5 Be6 12. Qc6+ Bd7 13. Qxc3 Nf6 14. e5 dxe5 {LiveBook: 5 Games} 15. Qxe5+ Qe7 16. Qxc7 {Strongly threatening Bg5.} Bg7 17. Bg5 {And now Nc3 would win.} (17. Nc3 b4 18. Bg5 {½-½ (48) Kokarev,D (2616)-Vavulin,M (2575) Moscow 2018}) 17... Rc8 $146 ({Predecessor:} 17... O-O 18. Nc3 Rfc8 19. Qf4 Bc6 20. Qh4 Qe5 21. Rfe1 Qf5 22. Bh6 {½-½ (22) Stepien,Z-Urbanski,M Poland 1990}) 18. Qb7 {Black must now prevent Nc3.} Be6 19. Qxa6 O-O {Threatens to win with ...Ra8.} 20. Qxb5 h6 21. Bh4 {next Nc3 is good for White.} g5 22. Bg3 Ne4 23. Nc3 Bxb3 24. axb3 {aiming for Rae1.} Nxg3 25. fxg3 Rb8 26. Qc4 Rfc8 27. Nd5 Qe5 28. Qd3 Re8 29. Qf3 Kh8 30. Nf6 ({But not} 30. Qxf7 $2 Rf8 $19) ({White should try} 30. Rad1 $16) 30... Qd4+ $11 31. Kh1 Bxf6 32. Qxf6+ Qxf6 33. Rxf6 {[%mdl 4096] Endgame KRR-KRR} Kg7 $1 {[%cal Rg7f6]} 34. Rf3 (34. Rff1 {feels hotter.} Rxb3 35. Ra7 Rf8 36. Rf2 Rb4 37. Kg1) 34... Re2 35. h3 Rb7 36. Ra2 g4 37. hxg4 $2 {[%mdl 8192]} (37. Rf4 $11) 37... Re1+ $1 $19 38. Kh2 Rd7 $1 {[%cal Rd7d1]} 39. g5 h5 $1 {[%cal Bh6h5,Bh5h4,Bh4h3][%mdl 32]} 40. g4 h4 $1 {( -> ...Rdd1)} 41. Rf2 Rdd1 $1 {[%csl Gd1][%cal Re1h1]} 42. g3 Rh1+ 43. Kg2 {[#]} h3+ $1 44. Kf3 {[#] intending Ra6.} Rhf1 $1 {Precision: White = 67%, Black = 86%.} 0-1

[Event "EICC 2019"]
[Site "Skopia"]
[Date "2019.03.19"]
[Round "2.20"]
[White "Arizmendi Martinez, Julen Luis"]
[Black "Lagarde, Maxime"]
[Result "1-0"]
[WhiteElo "2506"]
[BlackElo "2631"]
[Annotator "TA"]
[PlyCount "99"]
[EventDate "2019.03.18"]
[EventType "swiss"]
[EventCountry "MKD"]
[SourceTitle "playchess.com"]
[Source "ChessBase"]
[SourceQuality "1"]

{[%evp 11,99,17,19,15,27,6,7,0,0,2,48,51,54,61,65,33,33,35,52,19,48,56,39,32,43,11,92,72,168,141,179,156,135,150,158,157,139,155,172,168,148,150,193,177,189,114,413,414,404,403,396,386,357,404,668,680,671,662,612,479,474,434,863,848,740,660,624,340,451,443,501,520,504,497,468,460,451,403,490,462,633,667,614,565,29978,29978,29995,29996,29996,29997]} 1. e4 c5 2. Nf3 Nc6 3. Bb5 g6 4. O-O Bg7 5. c3 Nf6 6. Re1 a6 7. Bxc6 {B31: Sicilian: 2...Nc6 3 Bb5 g6} dxc6 8. d4 cxd4 9. cxd4 {The position is equal.} Bg4 10. Nbd2 O-O 11. h3 Be6 12. Nb3 a5 $146 ({Predecessor:} 12... b6 13. Bf4 Rc8 14. Qd2 a5 15. Rad1 {1-0 (34) Zetocha,C (2300)-Michenka,J (2405) Pardubice 1993}) 13. Bf4 b6 14. Rc1 Rc8 15. a3 Qd7 16. Nbd2 Rfd8 17. Qe2 Qb7 18. Qe3 Qa6 (18... c5 $11 {keeps the balance.}) 19. Bh6 $16 Bh8 (19... Ne8 $16 {was worth a try.}) 20. Ng5 $1 $18 Bd7 21. Nxf7 ({Resist} 21. Qb3 $6 Be8 $14) 21... Kxf7 {[#]} 22. e5 $1 {[%cal Re5f6]} Nd5 23. e6+ Kg8 24. Qf3 {[%csl Ge6][%cal Rf3f7]} Bxe6 25. Rxe6 Qb7 26. Qe4 {White threatens Rxg6+! and mate.} Bf6 27. Nf3 $40 {[%mdl 128] Black is in trouble.} Qd7 {[#]} 28. g4 ({White should try} 28. h4 $1 $18) 28... Nc7 $2 {[%mdl 8192]} (28... c5 $16 {was necessary.}) 29. Rexc6 Ne8 30. Rxc8 Rxc8 31. Rxc8 Qxc8 32. g5 Nd6 (32... Bh8 $142 33. Qxe7 Ng7) 33. Qd5+ Nf7 34. gxf6 e6 35. Qb5 Nxh6 36. Qxb6 Nf7 (36... Kf7 $142 37. Qxa5 Qc1+ 38. Kg2 Nf5) 37. Qxa5 h5 38. d5 e5 39. Qa7 e4 40. Nh2 Qc1+ 41. Nf1 Qg5+ 42. Ng3 {Black must now prevent Qe7.} Qxf6 43. Qb8+ Kg7 44. Nxe4 Qf5 45. Qb4 Ne5 46. Qe7+ Kh6 47. Nd6 Qb1+ 48. Kg2 {White mates.} Nd3 49. Nf7+ Kg7 50. Ne5+ {Accuracy: White = 70%, Black = 33%.} 1-0

[Event "EICC 2019"]
[Site "Skopia"]
[Date "2019.03.19"]
[Round "2.21"]
[White "Piorun, Kacper"]
[Black "Neverov, Valeriy"]
[Result "1-0"]
[WhiteElo "2631"]
[BlackElo "2496"]
[Annotator "TA"]
[PlyCount "43"]
[EventDate "2019.03.18"]
[EventType "swiss"]
[EventCountry "MKD"]
[SourceTitle "playchess.com"]
[Source "ChessBase"]
[SourceQuality "1"]

{[%evp 9,43,18,79,79,72,75,72,62,75,70,61,79,75,70,66,72,292,302,389,391,373,403,398,365,410,427,405,384,394,409,1020,1031,1021,1020,977,954]} 1. e4 e5 2. Nf3 Nc6 3. Bb5 Bc5 4. c3 Nf6 5. d4 Bb6 (5... exd4 $11 {remains equal.} 6. e5 Nd5) 6. Nxe5 $16 {C64: Ruy Lopez: Classical Defence (3...Bc5) except 4 0-0 Nf6} Nxe5 7. dxe5 Nxe4 8. Qg4 $1 {[%cal Rg4e4] White is better.} Bxf2+ {[#]} 9. Ke2 $1 Qh4 10. Qxg7 Rf8 {Threatens to win with ...Ng3+.} 11. Bh6 {[%csl Gh6][%cal Rg7f8]} Bc5 {Hoping for ...Qf2+.} 12. Nd2 $1 $36 {[%mdl 2048] And now Raf1 would win. White has strong initiative.} a6 $146 (12... Qf2+ $16 {was necessary.} 13. Kd1 Nxd2 14. Bxd2 c6) ({Predecessor:} 12... c6 13. g3 Qh5+ {1-0 (36) Kritz,L (2618)-Golod,V (2585) Biel 2010}) 13. g3 $18 Qh3 14. Nxe4 Qg2+ 15. Kd3 Qf3+ {[#]} 16. Kd2 $1 ({Don't go for} 16. Kc4 $2 Qxe4+ 17. Kb3 axb5 $19) 16... Qxe4 17. Rhe1 Qd5+ 18. Bd3 b5 19. Qxh7 Rb8 (19... Bb7 $142 20. Bxf8 Bxf8) 20. Bxf8 {White is clearly winning.} Bxf8 21. Rf1 Rb6 {[#]} 22. e6 $1 {Accuracy: White = 100%, Black = 39%.} 1-0

[Event "EICC 2019"]
[Site "Skopia"]
[Date "2019.03.19"]
[Round "2.22"]
[White "Rakhmanov, Aleksandr"]
[Black "Matviishen, Viktor"]
[Result "1-0"]
[WhiteElo "2629"]
[BlackElo "2490"]
[Annotator "TA"]
[PlyCount "77"]
[EventDate "2019.03.18"]
[EventType "swiss"]
[EventCountry "MKD"]
[SourceTitle "playchess.com"]
[Source "ChessBase"]
[SourceQuality "1"]

{[%evp 14,77,16,0,18,21,48,44,63,62,108,77,74,72,154,151,154,148,160,147,149,147,160,153,152,152,151,150,139,118,125,124,119,118,136,113,110,104,104,104,101,107,113,112,114,113,143,129,135,133,142,129,137,116,339,352,438,422,510,514,493,504,502,498,465,427]} 1. d4 Nf6 2. Nf3 d5 3. g3 e6 4. Bg2 Be7 5. c4 O-O 6. Qc2 c6 7. Nbd2 b6 8. O-O Ba6 {E06: Closed Catalan: Early deviations} (8... Bb7 9. b3 a5 10. Bb2 Na6 11. Rfd1 Rc8 12. Rac1 h6 13. Qb1 Rc7 14. Ne5 Nd7 15. Ndf3 Nxe5 16. Nxe5 Bd6 17. e4 {½-½ (45) Yu,Y (2751)-Sargissian,G (2672) Riadh 2017}) 9. Ne5 Nfd7 10. Nd3 Bf6 {White is slightly better.} 11. e3 $1 Qe7 12. b3 $146 ({Predecessor:} 12. b4 Bb7 13. b5 Rc8 14. a4 a6 15. Ba3 Qd8 16. bxc6 Nxc6 {½-½ (58) Greet,A (2451)-Littlewood,P (2361) Canterbury 2010}) 12... Rc8 13. Bb2 e5 ({Better is} 13... c5) 14. e4 $16 exd4 15. exd5 Bb7 16. Rfe1 Qf8 17. d6 Qxd6 18. Ne4 Qf8 19. Nxf6+ Nxf6 20. Bxd4 Nbd7 21. c5 Ba6 22. Nb4 Bb7 23. Rac1 Rc7 24. Qf5 bxc5 25. Bxc5 Nxc5 26. Qxc5 Qxc5 27. Rxc5 Nd7 28. Ra5 Kf8 29. Rc1 Nb8 30. Rc4 Re7 31. Kf1 Re6 32. h4 a6 33. Rd4 Ke7 $2 (33... Ra7 $16 {might work better.} 34. f4 Bc8) 34. Bh3 $18 c5 35. Rxc5 {White is clearly winning.} Nc6 36. Nxc6+ Rxc6 {[#]} 37. Rd7+ $1 Kf8 {[#]} 38. Rf5 $1 {[%cal Rf5f7]} Rc1+ 39. Ke2 {Accuracy: White = 87%, Black = 35%.} 1-0

[Event "EICC 2019"]
[Site "Skopia"]
[Date "2019.03.19"]
[Round "2.23"]
[White "Goryachkina, Aleksandra"]
[Black "Kobalia, Mikhail"]
[Result "0-1"]
[WhiteElo "2504"]
[BlackElo "2627"]
[Annotator "TA"]
[PlyCount "88"]
[EventDate "2019.03.18"]
[EventType "swiss"]
[EventCountry "MKD"]
[SourceTitle "playchess.com"]
[Source "ChessBase"]
[SourceQuality "1"]

{[%evp 15,88,20,13,16,35,23,16,24,18,16,64,57,51,63,73,73,85,97,72,52,95,95,91,99,85,78,93,86,93,87,87,38,35,31,30,28,36,34,35,-84,-102,-82,-89,-146,-149,-148,-160,-151,-180,-250,-129,-243,-227,-223,-208,-268,-268,-256,-267,-267,-267,-267,-267,-267,-267,-5073,-5069,-4802,-5061,-4827,-4802,-4594,-4594,-4133,-4133]} 1. d4 d5 2. c4 c6 3. Nf3 Nf6 4. Nc3 e6 5. e3 a6 6. b3 Bb4 7. Bd2 Nbd7 8. Bd3 O-O 9. O-O {D45: Semi-Slav: 5 e3} Qe7 10. Bc2 b6 $146 ({Predecessor:} 10... Rd8 11. a3 Bxa3 12. Rxa3 Qxa3 13. c5 b6 14. b4 Ne4 15. Nxe4 dxe4 16. Bxe4 Rb8 17. Bxh7+ Kxh7 {1-0 (35) Aronian,L (2793)-Carlsen,M (2832) Stavanger 2017}) 11. Re1 {The position is equal.} dxc4 12. bxc4 Bb7 13. e4 e5 14. Ne2 Bxd2 15. Qxd2 Rfe8 16. Ng3 g6 17. Qg5 {And now Nf5 would win.} Kh8 18. Nxe5 Nxe5 19. dxe5 Qxe5 20. Qxe5 Rxe5 21. f4 Rc5 22. e5 Nd5 23. Bb3 Nxf4 24. Ne4 Rxe5 25. Nd6 {[%mdl 64] Double Attack} Rxe1+ 26. Rxe1 Rb8 27. c5 (27. Re7 $14 {keeps the upper hand.} Ba8 28. Ra7) 27... Nd3 $17 ({Of course not} 27... bxc5 $6 28. Re7 $11) 28. Re7 Nxc5 29. g4 (29. Bxf7 $142 Ba8 30. Ne8) 29... Nxb3 30. axb3 {[%mdl 4096] Endgame KRB-KRN} Ba8 31. g5 {[#]} Kg8 $1 32. Rxf7 (32. Rd7 {was necessary.}) 32... Rd8 (32... c5 $19 33. Re7 b5) 33. Rf6 (33. Ra7 $17) 33... Rf8 $19 34. Re6 c5 35. Ne8 Kf7 36. Nc7 Rc8 37. Rf6+ Ke7 38. Nxa8 Rxa8 39. Rxb6 {[#] KR-KR} c4 $1 {[%mdl 512]} 40. b4 $2 (40. bxc4 a5 41. Kf2) 40... Rc8 {Black is clearly winning.} 41. Rxa6 c3 42. Ra1 Kd6 ({Not} 42... c2 43. Rc1 $15) 43. Kf2 Kd5 44. b5 c2 {Accuracy: White = 55%, Black = 70%.} 0-1

[Event "EICC 2019"]
[Site "Skopia"]
[Date "2019.03.19"]
[Round "2.24"]
[White "Enchev, Ivajlo"]
[Black "Paravyan, David"]
[Result "0-1"]
[WhiteElo "2490"]
[BlackElo "2627"]
[Annotator "TA"]
[PlyCount "116"]
[EventDate "2019.03.18"]
[EventType "swiss"]
[EventCountry "MKD"]
[SourceTitle "playchess.com"]
[Source "ChessBase"]
[SourceQuality "1"]

{[%evp 18,116,0,0,7,12,12,-2,0,0,0,0,0,0,0,-28,-25,-8,-8,-25,-29,-14,-26,-46,0,-74,-3,-4,37,38,40,39,38,38,697,697,697,685,666,664,652,-195,-184,-216,-211,-209,-168,-191,-110,-115,-102,-120,-92,-116,-116,-116,-118,-124,-116,-123,-109,-112,-112,-106,-103,-146,-156,-147,-150,-158,-145,-139,-100,-141,-138,-133,-149,-137,-129,-147,-147,-147,-152,-176,-175,-278,-278,-270,-262,-250,-259,-337,-337,-337,-330,-330,-330,-1218,-1203,-809,-741]} 1. Nf3 c5 2. c4 Nf6 3. Nc3 d5 4. cxd5 Nxd5 5. e3 e6 6. Bc4 Be7 7. O-O O-O 8. d4 cxd4 9. exd4 Nc6 10. Qe2 Bf6 {D41: Queen's Gambit Declined: Semi-Tarrasch with 5 cxd5} (10... Nb6 11. Bd3 Nxd4 12. Nxd4 Qxd4 13. Rd1 Qh4 14. g3 Qh3 15. Be4 e5 16. Bg2 Qf5 17. a4 a5 18. Be3 {1-0 (60) Adams,M (2751)-Salem,A (2656) Sharjah 2017}) 11. Rd1 b6 12. Ne4 Be7 {The position is equal.} 13. a3 Bb7 14. Bd2 $146 ({Predecessor:} 14. Neg5 Na5 15. Bd3 g6 16. Bc2 Rc8 17. h4 Qc7 18. Ne1 Nf4 19. Bxf4 Qxf4 {0-1 (47) Kursova,M (2351)-Bronnikova,E (2245) Belgrade 2013}) 14... Rc8 15. Rac1 h6 16. Ng3 Nf6 17. Bc3 Na5 18. Bxa5 bxa5 19. Ne5 Qb6 20. Nh5 Rfd8 21. Nf4 (21. Rc3 $11 Rxd4 22. Rxd4 Qxd4 23. Nxf7 $1 {[%mdl 512]}) 21... Rd6 (21... Rxd4 $17 {Hoping for ...Re4.} 22. Rxd4 Qxd4 23. Nxe6 Qe4 24. Qxe4 Nxe4) 22. Rc3 $11 Rxd4 23. Rxd4 Qxd4 {[#]} 24. Nxe6 $1 {[%mdl 512]} Qe4 {[%csl Gb7][%cal Re4g2] [#]} (24... fxe6 25. Bxe6+) 25. Nf4 $1 {[%mdl 512]} Qxf4 $4 {[%mdl 8192]} (25... Rf8 $14) 26. Bxf7+ $18 Kh7 {White must now prevent ...Rxc3.} 27. Qc2+ $1 g6 28. Rxc8 Bxc8 {[#]} 29. Bxg6+ $4 {[%mdl 8192]} (29. Bg8+ $1 $18 {[%mdl 512] is the narrow road to win.} Nxg8 30. Qxg6+ Kh8 31. Nf7+ Qxf7 32. Qxf7) 29... Kg7 $19 30. Nc6 Bd6 31. g3 Qg4 32. Bd3 Bb7 (32... a4 $19 33. Na5 Be6) 33. Nxa5 $17 Bd5 {Threatens to win with ...Qf3.} 34. Be2 Qe6 35. Nc4 Bc5 {...Ba8 is the strong threat.} 36. b4 Bd4 37. Qd3 Qe4 38. Qxe4 Nxe4 39. Ne3 {aiming for Nf5+.} Be6 40. Bd3 Nd6 41. Nc2 Bb2 42. a4 Bc3 43. a5 Kf6 44. Kf1 Nc4 45. f4 Nb2 46. Be4 Bf5 47. Bxf5 Kxf5 48. Ke2 Ke4 49. a6 Nc4 50. b5 {[#]} Ba5 $1 51. Ne1 (51. Na1 {is a better defense.}) 51... Nd6 $19 52. Nd3 {intending Nc5+.} Bb6 ({Don't do} 52... Nxb5 53. Nf2+ Kf5 54. Kf3 $19) 53. Ne5 Nxb5 54. Ng4 Nd4+ 55. Kd2 Nf5 56. Nf6+ Kf3 57. g4 $2 (57. Kd3) 57... Bd4 58. g5 Kxf4 {Accuracy: White = 55%, Black = 69%.} 0-1

[Event "EICC 2019"]
[Site "Skopia"]
[Date "2019.03.19"]
[Round "2.25"]
[White "Sargsyan, Shant"]
[Black "Jobava, Baadur"]
[Result "1/2-1/2"]
[WhiteElo "2488"]
[BlackElo "2622"]
[Annotator "TA"]
[PlyCount "125"]
[EventDate "2019.03.18"]
[EventType "swiss"]
[EventCountry "MKD"]
[SourceTitle "playchess.com"]
[Source "ChessBase"]
[SourceQuality "1"]

{[%evp 16,125,21,4,38,41,68,35,51,40,45,45,94,76,68,39,44,52,56,39,47,5,16,27,24,16,58,54,51,61,56,0,0,0,0,-14,0,0,0,-11,0,-18,-12,-21,-21,-26,-19,-20,-13,-13,-14,-15,-18,-23,-23,-27,-14,-14,0,0,0,0,8,0,0,0,0,0,0,0,0,0,0,-8,-8,-8,0,-7,0,0,0,-8,-8,-8,-8,-8,-8,-8,-8,-8,-8,-8,-8,-8,-8,-262,-262,-266,-8,-8,-8,-72,-8,-8,-8,-8,-8,-8,-8,-8,-8,-8]} 1. e4 c6 2. d4 d5 3. Nd2 dxe4 4. Nxe4 Bf5 5. Ng3 Bg6 6. h4 h6 7. Nf3 e6 8. Ne5 Bh7 9. Bd3 {LiveBook: 471 Games. B19: Classical Caro-Kann: 4...Bf5 main line} Nd7 ({Much weaker is} 9... Qxd4 $6 10. Nxf7 $1 {[%mdl 512]} Bb4+ 11. c3 $16) (9... Bxd3 10. Qxd3 Nd7 11. Bf4 Nxe5 12. Bxe5 Qa5+ 13. c3 Nf6 14. b4 Qd8 15. b5 cxb5 16. Bxf6 gxf6 17. Qxb5+ Qd7 18. a4 {0-1 (54) Jones,G (2691)-Eljanov,P (2680) chess.com INT 2019}) 10. Bxh7 Rxh7 11. Bf4 $146 {White is slightly better.} ({Predecessor:} 11. Qe2 Nxe5 12. dxe5 Bb4+ 13. c3 Ba5 14. Bf4 Ne7 15. Rd1 Nd5 16. b4 Qc7 17. Bd2 Bb6 18. c4 Bxf2+ 19. Kxf2 Nxb4 20. Qe4 {1-0 (20) Albesa,A (1702)-Zwaneveld,A (1340) LSS email 2010}) 11... Ngf6 12. Qd3 Qa5+ 13. c3 Rd8 14. Nc4 Qd5 15. O-O-O Nb6 16. Nxb6 axb6 17. Be5 {Black must now prevent Bxf6.} Rh8 18. Bxf6 gxf6 19. c4 Qa5 $1 20. Kb1 b5 21. cxb5 $1 Qxb5 22. Qxb5 cxb5 23. d5 (23. Nh5 $1 $14) 23... Rg8 $11 24. Rhe1 Bb4 25. Re2 Rg4 26. a3 Be7 27. Rdd2 Rd7 28. h5 b4 29. Kc2 bxa3 30. bxa3 Rc4+ 31. Kb3 Rc5 32. dxe6 fxe6 33. Rxd7 Kxd7 {[%mdl 4096] Endgame KRB-KRN} 34. Rd2+ Ke8 35. a4 b6 36. Rc2 f5 37. Ne2 Re5 38. Nf4 Bd6 (38... Kd7 {looks sharper.} 39. Ng6 Re1 40. Nxe7 Kxe7 41. Rc7+ Kf6) 39. Re2 Rxe2 40. Nxe2 {KB-KN} Bc5 41. f3 Ke7 42. Kc4 {Strongly threatening a5!} Be3 43. Kd3 Bf2 44. g4 Kf6 {aiming for ...fxg4.} 45. Nf4 Bh4 46. Ng6 Bg3 47. gxf5 Kxf5 48. Ne7+ Kg5 49. Nc6 Kxh5 {next ...Kg5 is good for Black.} 50. a5 bxa5 51. Nxa5 Kh4 52. Ke2 $1 Kh3 53. Kf1 $1 Bc7 54. Nc6 $1 Bb6 {Threatens to win with ...h5.} 55. Ne5 $2 {[%mdl 8192]} (55. f4 $11) 55... h5 $19 56. Nd7 {[#]} Ba7 $2 ({Black should try} 56... Be3 $1 $19 57. Ke2 Bf4) 57. Nf8 $11 e5 58. Ng6 (58. Nd7 $11 {remains equal.}) 58... Kg3 (58... Bd4 $17 59. Nxe5 Bxe5) 59. Nxe5 {The position is equal.} h4 60. Nc4 $1 h3 {( -> ...h2)} (60... Bc5 $5) 61. Nd2 Be3 {And now ...h2 would win.} (61... h2 $5 62. Ne4+ $8 Kh4 $11) 62. Ne4+ Kxf3 {[#]} 63. Ng5+ $1 {[%mdl 512] Accuracy: White = 63%, Black = 50%.} 1/2-1/2